000 00602nam a2200181 i 4500
001 101077
003 ES-MaACL
005 20230906182821.0
007 t|
008 051011s1935 sp ||||1| spa d
100 1 _aMaura Gamazo, Gabriel,
_cDuque de Maura,
_d1879-1963
_979221
245 1 0 _aRecuerdos de mi vida /
_cGabriel Maura Gamazo.
260 _aMadrid :
_bBolaños y Aguilar,
_c[1935?]
300 _a257 p., 2 lám. ;
_c19 cm.
651 4 _aEspaña-
_xHistoria-
_y1902-1931, Alfonso XIII-
_vRelatos personales.
_9144642
852 _aES-MaACL
_jB-10039
_bR.21545
999 _c101077
_d101077